Statistics for World's Most Valuable Companies

Click here to take the quiz!

General Stats

  • This quiz has been taken 39 times
    (11 since last reset)
  • The average score is 7 of 11

Answer Stats

ValueCompanyCEO% Correct
924.5AmazonJeff Bezos
100%
633.5FacebookMark Zuckerburg
100%
1,020Alphabet (Google)Larry Page
88%
610.1AlibabaDaniel Zhang
75%
1,397AppleArthur Levinson
75%
562.4Berkshire HathawayWarren Buffet
75%
1,274MicrosoftBill Gates
75%
492.9Tencent HoldingsPony Ma
50%
433.5JPMorgan ChaseJamie Dimon
25%
392.6Johnson & JohnsonAlex Gorsky
13%
441.6VisaAlfred F Kelly Jr
13%

Score Distribution

Percentile by Number Answered

Percent of People with Each Score

Your Score History

You have not taken this quiz since the last reset